| 000 | 01797 a2200253 4500 | ||
|---|---|---|---|
| 003 | Nust | ||
| 005 | 20170207154014.0 | ||
| 010 | _a 2002028098 | ||
| 020 | _a0470843896 | ||
| 040 | _cNust | ||
| 082 | 0 | 0 | _a621.3822 |
| 100 | 1 | _aBenvenuto, Nevio. | |
| 245 | 1 | 0 |
_aAlgorithms for communications systems and their applications -(E-BOOK) _cNevio Benvenuto, Giovanni Cherubini. |
| 260 |
_aNew York : _bJ. Wiley, _c2002. |
||
| 300 |
_axxx, 1285 : _bill. ; _c25 cm. |
||
| 505 | _aCh1 Elements of Signal Theory (Page-1) Ch2 Wiener Filter & Linear Prediction (Page-129) Ch3 Adaptive Transversal Filters (Page-165) Ch4 Transmission Media (Page-255) Ch5 Digital Representation of Waveforms (Page-331) Ch6 Modulation Theory (Page-437) Ch7 Transmission over Dispersive Channels (Page-539) Ch8 Channel Equalization & Symbol Detection (Page-619) Ch9 Orthogonal Frequency Division Multiplexing (Page-753) Ch10 Spread Spectrum Systems (Page-795) Ch11 Channel Codes (Page-827) Ch12 Trellis Coded Modulation (Page-967) Ch13 Precoding & Coding Techniques for Dispersive Channels (Page-999) Ch14 Synchronization (Page-1027) Ch15 Self-Training Equalization (Page-1083) Ch16 Applications of Interference Cancellation (Page-1115) Ch17 Wired & Wireless Network Technologies (Page-1145) Ch18 Modulation Techniques for Wireless Systems (Page-1189) Ch19 Design of High Speed Transmission Systems over Unshielded Twisted Pair Cables (Page-1249) | ||
| 650 | 0 | _aAlgorithms. | |
| 650 | 0 |
_aSignal processing _xMathematics. |
|
| 650 | 0 |
_aTelecommunication systems _xMathematics. |
|
| 651 | _aE-BOOK | ||
| 700 | 1 |
_aCherubini, Giovanni, _d1957- |
|
| 856 | 4 | 2 |
_3Publisher description _uhttp://www.loc.gov/catdir/description/wiley036/2002028098.html |
| 856 | 4 | 2 |
_3Table of contents _uhttp://www.loc.gov/catdir/toc/wiley023/2002028098.html |
| 942 |
_2ddc _cBK |
||
| 999 |
_c191345 _d191345 |
||